[Event "Reykjavik Open 2015"]
[Site "Reykjavik ISL"]
[Date "2015.03.12"]
[Round "4.93"]
[White "Nicholson, John"]
[Black "Edvardsen, Ragnar"]
[Result "0-1"]
[WhiteElo "1808"]
[BlackElo "2001"]
[WhiteFideId "2501724"]
[BlackFideId "1502719"]
[EventDate "2015.03.10"]

1. e4 c5 2. Nc3 Nc6 3. f4 d6 4. Nf3 g6 5. Bc4 Bg7 6. O-O e6 7. d3 Nge7 8. f5
exf5 9. Ng5 Ne5 10. exf5 Bxf5 11. Nxf7 Nxf7 12. g4 d5 13. Nxd5 Nxd5 14. gxf5 O-O
15. fxg6 Ne5 16. gxh7+ Kh8 17. Rxf8+ Bxf8 18. Qh5 Nxc4 19. Bg5 Nf6 20. Qf7 Qd4+
21. Kh1 Bg7 22. Qxc4 Qxc4 23. dxc4 Ne4 24. Be3 Rf8 25. c3 b6 26. Kg2 Kxh7 27.
Rd1 Rf7 28. Rd8 Bf6 29. Rd5 Kg6 30. Kh3 Bg7 31. Kg2 Bf6 32. Kh3 Ng5+ 33. Kg2 Ne6
34. Kg3 Ng7 35. Kg4 Re7 36. Bf4 Re4 37. Kf3 Re7 38. b4 Ne6 39. bxc5 Nxf4 40.
Kxf4 Rc7 41. h4 Bxh4 42. cxb6 Rxc4+ 43. Ke3 axb6 44. Rd6+ Bf6 45. Rxb6 Rxc3+ 46.
Ke4 Ra3 47. Rb3 Rxa2 48. Rg3+ Kf7 49. Rb3 Ra4+ 50. Kf5 Ra5+ 51. Ke4 Re5+ 52. Kf4
Re1 53. Rb7+ Kg6 54. Rb3 Be5+ 55. Kf3 Kf5 56. Rb7 Rh1 57. Rf7+ Bf6 58. Rb7 Rh3+
59. Kg2 Ra3 60. Rb4 Be5 61. Rb7 Kg4 62. Rb4+ Bf4 63. Rb2 Rg3+ 64. Kf1 Rh3 65.
Rg2+ Kf3 66. Rf2+ Ke3 67. Re2+ Kd3 68. Rg2 Be3 69. Ra2 Rg3 70. Ra3+ Ke4 71. Ke2
Rg2+ 72. Kd1 Rd2+ 73. Ke1 Kf3 74. Ra1 Rh2 0-1

[Event "Reykjavik Open 2015"]
[Site "Reykjavik ISL"]
[Date "2015.03.12"]
[Round "4.94"]
[White "Hansen, Lars-Henrik Bech"]
[Black "Burgisser, Claude"]
[Result "1-0"]
[WhiteElo "1994"]
[BlackElo "1724"]
[WhiteFideId "1402021"]
[BlackFideId "656801"]
[EventDate "2015.03.10"]

1. e4 e6 2. d4 d5 3. Nc3 Bb4 4. Bd2 Ne7 5. Qg4 c5 6. a3 Bxc3 7. bxc3 Nbc6 8. e5
Qa5 9. Nf3 c4 10. Be2 Bd7 11. O-O a6 12. Rfb1 Rb8 13. Qxg7 Rg8 14. Qxh7 Kd8 15.
Ng5 Nxd4 16. Bg4 Kc7 17. Qxf7 Ndc6 18. Be3 b5 19. Nxe6+ Bxe6 20. Qxe6 Kb7 21. a4
Ka8 22. axb5 Rxb5 23. Rd1 Qc7 24. Rxa6+ Kb7 25. Rda1 Rb1+ 26. Rxb1+ Kxa6 27. Be2
d4 28. Qxc4+ 1-0

[Event "Reykjavik Open 2015"]
[Site "Reykjavik ISL"]
[Date "2015.03.12"]
[Round "4.95"]
[White "Vigdal, Per Kr"]
[Black "Holm, Fridgeir K"]
[Result "1-0"]
[WhiteElo "1985"]
[BlackElo "1700"]
[WhiteFideId "1504681"]
[BlackFideId "2307324"]
[EventDate "2015.03.10"]

1. e4 e5 2. Nf3 Nc6 3. d4 exd4 4. Nxd4 Bc5 5. c3 Qf6 6. Be3 Qg6 7. Nd2 Nf6 8.
Qf3 Ne5 9. Qg3 d6 10. Qxg6 hxg6 11. f3 Bd7 12. O-O-O a5 13. h3 a4 14. Be2 Nh5
15. Rhe1 Ng3 16. f4 Nxe2+ 17. Rxe2 Nc6 18. N2f3 Nxd4 19. cxd4 Ba7 20. d5 Bb5 21.
Ree1 Bxe3+ 22. Rxe3 f6 23. Nd4 Bd7 24. e5 dxe5 25. fxe5 fxe5 26. Rxe5+ Kf7 27.
Rf1+ Kg8 28. Re7 c5 29. Rff7 Bc8 30. Rxg7+ Kf8 31. Nb5 Rh5 32. Ref7+ 1-0

[Event "Reykjavik Open 2015"]
[Site "Reykjavik ISL"]
[Date "2015.03.12"]
[Round "4.96"]
[White "Opasiak, Dustin Tennessee"]
[Black "Valtysson, Thor"]
[Result "1-0"]
[WhiteElo "1781"]
[BlackElo "1974"]
[WhiteFideId "24630217"]
[BlackFideId "2301903"]
[EventDate "2015.03.10"]

1. e4 c6 2. d4 d5 3. Nc3 dxe4 4. Nxe4 Bf5 5. Ng3 Bg6 6. N1e2 Nf6 7. Nf4 e5 8.
dxe5 Qxd1+ 9. Kxd1 Ng4 10. Be3 Nxe5 11. h4 h6 12. Nxg6 Nxg6 13. c3 Nd7 14. Kc2
Nge5 15. Re1 Kd8 16. Bd4 f6 17. f4 Ng6 18. Nh5 c5 19. Bg1 Ne7 20. Rd1 Kc7 21. g4
g6 22. Bb5 Nc6 23. Ng3 Re8 24. Rh2 Nb6 25. Rhd2 a6 26. Bd3 Rg8 27. f5 Ne5 28.
Ne4 Nbd7 29. Bh2 gxf5 30. Bc4 Rg7 31. gxf5 Kc6 32. Be6 Ree7 33. Rd6+ Kc7 34.
R6d2 Kc6 35. Nxf6 Nxf6 36. Bxe5 Ne4 37. Bxg7 Bxg7 38. Bd5+ Kb6 39. Bxe4 Rxe4 40.
Rd6+ Ka7 41. f6 1-0

[Event "Reykjavik Open 2015"]
[Site "Reykjavik ISL"]
[Date "2015.03.12"]
[Round "4.97"]
[White "Stuhr, Peter Sebastian"]
[Black "Miszkielo, Bartosz"]
[Result "0-1"]
[WhiteElo "1973"]
[BlackElo "1694"]
[WhiteFideId "1426729"]
[BlackFideId "1185160"]
[EventDate "2015.03.10"]

1. e4 c5 2. Nc3 Nc6 3. f4 e6 4. Nf3 d5 5. Bb5 Ne7 6. Ne5 Bd7 7. exd5 exd5 8. Qe2
Nxe5 9. Qxe5 f6 10. Qe6 a6 11. Bxd7+ Qxd7 12. Qxd7+ Kxd7 13. O-O Kd6 14. f5 Nc6
15. d3 Nd4 16. Bf4+ Kc6 17. Rae1 Bd6 18. Bxd6 Kxd6 19. Re3 Rae8 20. Rg3 Re7 21.
Rf4 Nxc2 22. Rfg4 Rg8 23. Rh4 Ne3 24. Rxh7 Nxf5 25. Rg6 Nd4 26. Kf2 b5 27. Rh5
b4 28. Nxd5 Re2+ 29. Kg3 Re6 30. Nf4 Ne2+ 31. Nxe2 Rxe2 32. Rf5 Rxb2 33. Rfxf6+
gxf6 34. Rxg8 Rxa2 35. h4 Rd2 36. Kh2 Ke6 37. Rc8 b3 38. Rxc5 b2 39. Rc6+ Kf5
40. Rb6 a5 0-1

[Event "Reykjavik Open 2015"]
[Site "Reykjavik ISL"]
[Date "2015.03.12"]
[Round "4.98"]
[White "Kjartansson, Dagur"]
[Black "Stam, Bart"]
[Result "1-0"]
[WhiteElo "1756"]
[BlackElo "1972"]
[WhiteFideId "2303299"]
[BlackFideId "1006240"]
[EventDate "2015.03.10"]

1. c4 Nf6 2. Nc3 e5 3. g3 Bc5 4. Nf3 d6 5. Bg2 O-O 6. O-O Nc6 7. a3 a5 8. b3 h6
9. Bb2 Be6 10. Qc2 Qd7 11. Rad1 Bh3 12. Nd5 Nxd5 13. cxd5 Nd4 14. Nxd4 Bxg2 15.
Kxg2 exd4 16. e4 c6 17. Qd3 f5 18. b4 fxe4 19. Qxe4 Rae8 20. dxc6 bxc6 21. Qd3
axb4 22. axb4 Bxb4 23. Qc4+ 1-0

[Event "Reykjavik Open 2015"]
[Site "Reykjavik ISL"]
[Date "2015.03.12"]
[Round "4.99"]
[White "Masungwini, Michael T"]
[Black "Fjallheim, Elmar"]
[Result "1-0"]
[WhiteElo "1972"]
[BlackElo "1678"]
[WhiteFideId "14308231"]
[BlackFideId "7201095"]
[EventDate "2015.03.10"]

1. d4 e6 2. c4 Bb4+ 3. Nd2 c5 4. Nf3 Nf6 5. g3 cxd4 6. Nxd4 O-O 7. Bg2 Nc6 8.
Nc2 Be7 9. O-O d5 10. b3 Na5 11. cxd5 Nxd5 12. Bb2 Bf6 13. Bxf6 Nxf6 14. b4 Nc6
15. Nb3 Qc7 16. Qd2 Rd8 17. Qg5 Qe5 18. Qxe5 Nxe5 19. Rfd1 Ned7 20. Rd6 Re8 21.
Rad1 Rb8 22. Na5 Nb6 23. Ne3 g6 24. R1d2 Re7 25. Rd8+ Kg7 26. Rc2 Rd7 27. Rxd7
Nfxd7 28. Rc7 Kf8 29. Bxb7 Bxb7 30. Rxb7 Rxb7 31. Nxb7 Ke7 32. Kf1 Na4 33. Ke1
Nc3 34. a3 Nb6 35. f3 Nb5 36. Nc2 Nc4 37. a4 Nc7 38. e4 Ne8 39. Ke2 Ned6 40.
Nxd6 Kxd6 41. f4 f6 42. a5 a6 43. Kd3 Nb2+ 44. Kd2 e5 45. Ne3 exf4 46. gxf4 Na4
47. Kc2 g5 48. fxg5 fxg5 49. Nc4+ Kc6 50. Kb3 Nc5+ 51. bxc5 Kxc5 52. Kc3 h5 53.
Ne3 Kd6 54. Kd4 Ke6 55. e5 1-0

[Event "Reykjavik Open 2015"]
[Site "Reykjavik ISL"]
[Date "2015.03.12"]
[Round "4.100"]
[White "Gaarder, Hans K."]
[Black "Gyldenas, Ole Jorn"]
[Result "0-1"]
[WhiteElo "1701"]
[BlackElo "1969"]
[WhiteFideId "1510479"]
[BlackFideId "1503847"]
[EventDate "2015.03.10"]

1. d4 d5 2. c4 c6 3. cxd5 cxd5 4. Nf3 Nf6 5. e3 Nc6 6. Nc3 g6 7. Bb5 Bg7 8. Ne5
Bd7 9. Nxd7 Qxd7 10. O-O O-O 11. Bd2 Rfc8 12. Rc1 a6 13. Be2 b5 14. h3 e6 15. a3
Qd8 16. b4 Ne8 17. Qb3 Nd6 18. Rc2 Nc4 19. a4 Qb6 20. a5 Qd8 21. Rfc1 Qd6 22.
Na2 Ra7 23. Be1 Rac7 24. Rb1 Bxd4 25. Bc3 Be5 26. Rd1 Bxc3 27. Qxc3 N6xa5 28.
Qf6 Nb7 29. e4 Qe5 30. Qxe5 Nxe5 31. Rcd2 dxe4 32. Kh2 g5 33. Kg3 f5 34. Kh2 Kf8
35. Bf1 Ke7 36. Rb2 Rc2 37. Rd2 Rxb2 38. Rxb2 Nd6 39. Rd2 h6 40. Kg1 Ne8 41. Rd1
Nf6 42. Ra1 Nd5 43. Rb1 Nd3 44. Bxd3 exd3 45. Rb3 d2 46. Rb1 Nc3 47. Nxc3 Rxc3 0-1

[Event "Reykjavik Open 2015"]
[Site "Reykjavik ISL"]
[Date "2015.03.12"]
[Round "4.101"]
[White "Bogut, Maksymilian"]
[Black "Mehringer, Joerg"]
[Result "0-1"]
[WhiteElo "1697"]
[BlackElo "1955"]
[WhiteFideId "1185810"]
[BlackFideId "12915351"]
[EventDate "2015.03.10"]

1. e4 e5 2. Bc4 Bc5 3. Nf3 d6 4. Nc3 a6 5. d4 exd4 6. Nxd4 Nc6 7. Be3 Ne5 8. Bb3
Bg4 9. Qd2 Nf6 10. h3 Bd7 11. f4 Nc6 12. O-O-O Bb4 13. Qd3 O-O 14. Nd5 Nxd5 15.
exd5 Nxd4 16. Bxd4 Qh4 17. g3 Qh6 18. c3 Ba5 19. Bc2 c5 20. Be3 Rfe8 21. Rde1
Qg6 22. g4 Qxd3 23. Bxd3 b5 24. Re2 Re7 25. Rhe1 c4 26. Bc2 Rae8 27. Kd2 h5 28.
f5 hxg4 29. hxg4 Bc7 30. Bf4 Rxe2+ 31. Rxe2 Rxe2+ 32. Kxe2 Kf8 33. Kf3 Ke7 34.
Bg5+ f6 35. Be3 Kd8 36. Bd4 Be8 37. Kf4 Bf7 38. Be4 Kc8 39. g5 Bd8 40. gxf6 Bxf6
41. Bxf6 gxf6 42. Bf3 Kc7 43. Ke4 Kb6 44. Kd4 Be8 45. Bd1 Bd7 46. Bc2 Bc8 47. b4
cxb3 48. axb3 a5 49. b4 a4 50. Ke4 a3 51. Bb3 Kc7 52. Kf4 Kd8 53. Ba2 Ke7 54.
Ke4 Kf7 55. c4 bxc4 56. Bxc4 Ke7 57. Kf4 Bd7 58. Ke4 Kd8 59. Ba2 Kc7 60. Kd4
Bxf5 61. Kc3 Be4 62. Kb3 Bxd5+ 63. Kxa3 Bxa2 64. Kxa2 Kb6 65. Kb3 Kb5 66. Kc3 f5
67. Kd3 f4 68. Kc3 f3 69. Kd3 Kxb4 70. Ke3 Kc3 71. Kxf3 Kd3 72. Kf2 Kd2 73. Kf3
d5 74. Kf2 d4 75. Kf3 d3 76. Kf2 Kc1 77. Ke3 d2 0-1

[Event "Reykjavik Open 2015"]
[Site "Reykjavik ISL"]
[Date "2015.03.12"]
[Round "4.102"]
[White "Haraldsson, Haraldur"]
[Black "Magnusdottir, Veronika Steinunn"]
[Result "1/2-1/2"]
[WhiteElo "1948"]
[BlackElo "1571"]
[WhiteFideId "2311100"]
[BlackFideId "2309114"]
[EventDate "2015.03.10"]

1. e4 c5 2. Nf3 d6 3. d4 cxd4 4. Nxd4 Nf6 5. Nc3 Nc6 6. Be2 e6 7. Bg5 Be7 8. Qd2
a6 9. O-O-O Qc7 10. f4 Na5 11. Rhe1 b5 12. e5 b4 13. Ncb5 axb5 14. exf6 gxf6 15.
Bxb5+ Bd7 16. Bxd7+ Kxd7 17. Bh4 b3 18. Kb1 Nc4 19. Qc3 Na3+ 20. Kc1 Qxc3 21.
bxc3 Nxc2 22. Nxc2 bxc2 23. Rd2 Rxa2 24. Rxc2 Ra1+ 25. Kd2 Rxe1 26. Kxe1 Rc8 27.
Kd2 Rc4 28. g3 d5 29. Kd3 f5 30. Bxe7 Kxe7 31. Ra2 Kd6 32. Ra8 Rc7 33. Rh8 f6
34. Rf8 Ke7 35. Rh8 Kd6 36. Rf8 1/2-1/2

[Event "Reykjavik Open 2015"]
[Site "Reykjavik ISL"]
[Date "2015.03.12"]
[Round "4.103"]
[White "Rist, Karl-Johan"]
[Black "Baldvinsson, Loftur"]
[Result "0-1"]
[WhiteElo "1677"]
[BlackElo "1945"]
[WhiteFideId "1506900"]
[BlackFideId "2301261"]
[EventDate "2015.03.10"]

1. d4 Nf6 2. c4 g6 3. Nf3 Bg7 4. Nc3 O-O 5. g3 d6 6. Bg2 c6 7. O-O Nbd7 8. e4 b5
9. e5 dxe5 10. dxe5 Ng4 11. cxb5 Bb7 12. Bf4 cxb5 13. Nxb5 a6 14. Nc3 Ndxe5 15.
Nxe5 Bxg2 16. Re1 Qxd1 17. Raxd1 Bh3 18. Nd5 e6 19. Ne7+ Kh8 20. N7c6 Nxe5 21.
Bxe5 f6 22. Bc3 e5 23. f3 Be6 24. a3 Rac8 25. Rd6 Rfe8 26. Red1 Bf8 27. Rd8 Bc5+
28. Kg2 Rexd8 29. Nxd8 Bb3 30. Rd7 Bxa3 31. Rd2 Be7 32. Nb7 Rc7 33. Na5 Be6 34.
Rd3 Bf5 35. Re3 Kg8 36. g4 Be6 37. h4 Bc5 38. Rd3 Rd7 39. Rxd7 Bxd7 40. Nb3 Be7
41. Nd2 Kf7 42. Kg3 Ke6 43. Ne4 Bc6 44. Nf2 Bd6 45. Ne4 Bxe4 46. fxe4 Bc5 47. b4
Be3 48. Kf3 Bc1 49. Kg3 Kd6 50. Kf3 Bf4 51. Be1 Kc6 52. Bc3 Kb5 53. Be1 Bc1 54.
Ke2 Kc4 55. Kf3 Kd3 56. Bf2 Kc4 57. Bc5 a5 58. Be7 axb4 59. Bxf6 Kd4 0-1

[Event "Reykjavik Open 2015"]
[Site "Reykjavik ISL"]
[Date "2015.03.12"]
[Round "4.104"]
[White "Korning, Peter"]
[Black "Sigurvaldason, Hjalmar"]
[Result "1-0"]
[WhiteElo "1944"]
[BlackElo "1450"]
[WhiteFideId "1723332"]
[BlackFideId "2306018"]
[EventDate "2015.03.10"]

1. e4 c5 2. d4 cxd4 3. c3 Nc6 4. cxd4 d6 5. d5 Nb8 6. Nf3 Nf6 7. Be2 g6 8. O-O
Bg7 9. Nc3 O-O 10. h3 a6 11. Re1 b5 12. a3 Nbd7 13. Bf1 Bb7 14. Bf4 Nb6 15. Qd2
Ne8 16. Rad1 Nd7 17. Bh6 e6 18. Bxg7 Kxg7 19. e5 Nxe5 20. Nxe5 dxe5 21. dxe6
Qxd2 22. Rxd2 fxe6 23. Rxe5 Nc7 24. Rc5 Rf7 25. b4 Nd5 26. Nxd5 exd5 27. Be2 d4
28. Rxd4 Raf8 29. f3 Re8 30. Kf2 Rfe7 31. Rc2 Re3 32. Rd7+ R3e7 33. Rcc7 Kf8 34.
Rxe7 Rxe7 35. Rxe7 Kxe7 36. Ke3 g5 37. Bd3 h6 38. Be4 Bc8 39. Kd4 Be6 40. Bb7
Bc4 41. g3 Bf1 42. Bxa6 Kd6 43. a4 Kc6 44. Bxb5+ Bxb5 45. axb5+ Kxb5 46. f4 gxf4
47. gxf4 Kxb4 48. f5 1-0

[Event "Reykjavik Open 2015"]
[Site "Reykjavik ISL"]
[Date "2015.03.12"]
[Round "4.105"]
[White "Edvardsen, Oystein"]
[Black "Klausen, Kris"]
[Result "1/2-1/2"]
[WhiteElo "1662"]
[BlackElo "1937"]
[WhiteFideId "1508776"]
[BlackFideId "1445570"]
[EventDate "2015.03.10"]

1. e4 c5 2. f4 e6 3. Nf3 d5 4. e5 Ne7 5. c3 Nbc6 6. d4 cxd4 7. cxd4 Qb6 8. Nc3
Nf5 9. Bb5 Bd7 10. Bxc6 Bxc6 11. g4 Ne7 12. O-O Bd7 13. Bd2 Nc6 14. Na4 Qb5 15.
b3 Be7 16. Rc1 h6 17. Nc5 Bxc5 18. Rxc5 Qd3 19. Rc3 Qa6 20. a4 b5 21. axb5 Qxb5
22. Qb1 O-O 23. f5 f6 24. fxe6 Be8 25. Rc5 Qb7 26. Qd3 fxe5 27. Nxe5 Rxf1+ 28.
Kxf1 Nxe5 29. dxe5 d4 30. Kg1 Qe7 31. Qxd4 Qxe6 32. Rc7 Qxb3 33. e6 Qb1+ 34. Kf2
Qg6 35. e7 Qb6 36. Qxb6 axb6 37. Bb4 Ra4 38. Rc4 Kf7 1/2-1/2

[Event "Reykjavik Open 2015"]
[Site "Reykjavik ISL"]
[Date "2015.03.12"]
[Round "4.106"]
[White "Fivelstad, Jon Olav"]
[Black "Starosciak, Adrian"]
[Result "1-0"]
[WhiteElo "1929"]
[BlackElo "1304"]
[WhiteFideId "1510339"]
[BlackFideId "1192140"]
[EventDate "2015.03.10"]

1. d4 d5 2. c4 e6 3. Nc3 Bb4 4. Nf3 Nf6 5. Qc2 Nbd7 6. Bg5 c5 7. e3 h6 8. Bh4
Qa5 9. Nd2 cxd4 10. exd4 O-O 11. Be2 Re8 12. O-O b6 13. Nb3 Qa6 14. cxd5 Qb7 15.
dxe6 fxe6 16. Bf3 Nd5 17. Qg6 Bxc3 18. Qxe8+ Kh7 19. bxc3 Qc7 20. c4 Bb7 21.
Qxe6 Nf4 22. Qf5+ Ng6 23. Bg3 Qc8 24. h4 Bxf3 25. gxf3 Nf8 26. Qxc8 Rxc8 27.
Rac1 Ne6 28. Rfe1 Nef4 29. Re3 h5 30. a4 a5 31. d5 Kg8 32. Bxf4 Nxf4 33. Kh2 Kf7
34. Kg3 Ng6 35. d6 Rd8 36. Rd1 Kf6 37. c5 bxc5 38. Nxc5 Ne5 39. d7 g6 40. f4
Nxd7 41. Rxd7 Rxd7 42. Nxd7+ Kf7 43. f5 gxf5 44. Kf4 Kg7 45. Kxf5 Kh7 46. Kf6
Kh6 47. Re8 Kh7 48. Ra8 1-0

[Event "Reykjavik Open 2015"]
[Site "Reykjavik ISL"]
[Date "2015.03.12"]
[Round "4.107"]
[White "Palmeri, Ralph P"]
[Black "Undheim, Bjarne"]
[Result "1-0"]
[WhiteElo "1642"]
[BlackElo "1926"]
[WhiteFideId "2057417"]
[BlackFideId "1506862"]
[EventDate "2015.03.10"]

1. e4 d5 2. e5 Bf5 3. d4 e6 4. c3 c5 5. Bd3 Bxd3 6. Qxd3 Qb6 7. Nf3 Nc6 8. O-O
cxd4 9. cxd4 Nge7 10. Nc3 Nf5 11. Ne2 Be7 12. a3 a5 13. Rb1 O-O 14. Kh1 Qa7 15.
Bd2 Bd8 16. Rbd1 Bb6 17. Bc3 Rfc8 18. g4 Nfe7 19. Ng5 Ng6 20. f4 Bd8 21. Nh3 Qa6
22. Qf3 Nh4 23. Qf2 b5 24. f5 Qb7 25. fxe6 Nxe5 26. dxe5 d4+ 27. Kg1 dxc3 28.
exf7+ Kf8 29. Nxc3 Bb6 30. e6 Bxf2+ 31. Rxf2 Nf3+ 32. Kf1 Rd8 33. Rc1 b4 34. Nd1
Rd2 35. Ne3 Rxf2+ 36. Kxf2 Nd4 37. Ng5 Ke7 38. Rc7+ Qxc7 39. Nd5+ Kd6 40. Nxc7
Rc8 41. Ne8+ Ke7 42. Nxg7 Kf8 43. Ke3 Nc6 44. Nf5 1-0

[Event "Reykjavik Open 2015"]
[Site "Reykjavik ISL"]
[Date "2015.03.12"]
[Round "4.109"]
[White "Thoroddsen, Arni"]
[Black "Densing, Gerd"]
[Result "0-1"]
[WhiteElo "1611"]
[BlackElo "1903"]
[WhiteFideId "2309203"]
[BlackFideId "24621013"]
[EventDate "2015.03.10"]

1. g3 d5 2. Nf3 c6 3. Bg2 Bf5 4. O-O e6 5. d3 Nf6 6. Nbd2 Be7 7. Nd4 Bg6 8. N2f3
Nbd7 9. c4 O-O 10. h3 h6 11. Qb3 Nc5 12. Qd1 Bd6 13. b4 Ncd7 14. c5 Bc7 15. Bb2
e5 16. Nb3 d4 17. a4 Nd5 18. b5 Rb8 19. Bxd4 exd4 20. Nfxd4 Ne7 21. bxc6 bxc6
22. Bxc6 Be5 23. Rc1 Nf6 24. e3 Qc8 25. Bg2 Qa6 26. Rc4 Rfd8 27. f4 Bxd4 28.
Nxd4 Nf5 29. Nxf5 Bxf5 30. e4 Be6 31. Rc3 Rd4 32. f5 Bd7 33. Ra3 Bc6 34. Qc2
Bxa4 35. Qa2 Qb5 36. Qa1 Qxc5 37. Kh2 Rbb4 38. Rc3 Qd6 39. Re1 Nd7 40. e5 Nxe5
41. Rc8+ Kh7 42. Be4 Qb6 43. Re2 Rb1 44. Qa2 Rxe4 45. Rg2 Nf3# 0-1

[Event "Reykjavik Open 2015"]
[Site "Reykjavik ISL"]
[Date "2015.03.12"]
[Round "4.112"]
[White "Magnusson, Thorsteinn"]
[Black "Kolka, Dawid"]
[Result "0-1"]
[WhiteElo "1301"]
[BlackElo "1875"]
[WhiteFideId "2310287"]
[BlackFideId "2308010"]
[EventDate "2015.03.10"]

1. c4 c6 2. Nf3 d5 3. b3 Nf6 4. g3 Bg4 5. Bg2 Nbd7 6. Bb2 e6 7. O-O Be7 8. d3
O-O 9. Nbd2 Re8 10. Qc2 Rc8 11. Rfe1 Qc7 12. Rac1 Bd6 13. h4 h6 14. d4 b6 15. a3
Bf5 16. Qd1 Ne4 17. b4 Nxf2 18. Qb3 Ne4 19. Nxe4 Bxe4 20. Nd2 Bxg3 21. Nxe4 Bxe1
22. Rxe1 dxe4 23. Bxe4 Qf4 24. Qd3 Nf6 25. Bg2 Ng4 26. Bc3 Qf2+ 27. Kh1 Qxh4+
28. Kg1 Qh2+ 29. Kf1 Qf4+ 30. Kg1 Qe3+ 31. Qxe3 Nxe3 32. c5 Nxg2 33. Kxg2 b5 34.
Rg1 f6 35. Kh3 Kf7 36. Kh4 Rcd8 37. e4 g6 38. Rf1 f5 39. exf5 exf5 0-1

[Event "Reykjavik Open 2015"]
[Site "Reykjavik ISL"]
[Date "2015.03.12"]
[Round "4.115"]
[White "Luu, Robert"]
[Black "Moller, Agnar T"]
[Result "0-1"]
[WhiteElo "1362"]
[BlackElo "1806"]
[WhiteFideId "2311798"]
[BlackFideId "2303469"]
[EventDate "2015.03.10"]

1. d4 Nf6 2. Nf3 e6 3. Bg5 c5 4. e3 cxd4 5. exd4 h6 6. Bh4 Qb6 7. Qc1 Be7 8. c3
d5 9. Nbd2 Bd7 10. Be2 Bb5 11. Bxb5+ Qxb5 12. Nb3 a5 13. Qd2 a4 14. Nc1 Nc6 15.
Qe2 Qxe2+ 16. Kxe2 g5 17. Bg3 a3 18. b4 Ne4 19. Kd3 f5 20. Ne1 f4 21. f3 Nxc3
22. Kxc3 Bxb4+ 23. Kd3 fxg3 24. hxg3 Bd6 25. g4 Ra4 26. Nc2 e5 27. Re1 Nxd4 28.
Nxd4 Rxd4+ 29. Kc2 Kf7 30. Rb1 Rc8+ 31. Kb3 Rb4+ 32. Kxa3 Ra8# 0-1

[Event "Reykjavik Open 2015"]
[Site "Reykjavik ISL"]
[Date "2015.03.12"]
[Round "4.116"]
[White "Roser, Ludwig"]
[Black "Sigurdarson, Alec Elias"]
[Result "1-0"]
[WhiteElo "1802"]
[BlackElo "1348"]
[WhiteFideId "12928119"]
[BlackFideId "2311003"]
[EventDate "2015.03.10"]

1. d4 Nf6 2. Nf3 g6 3. c4 Bg7 4. Nc3 O-O 5. Bg5 d6 6. Qd2 Kh8 7. Bh6 Bxh6 8.
Qxh6 Ng8 9. Qd2 c5 10. e4 e6 11. O-O-O Nc6 12. dxc5 dxc5 13. Qe3 Qe7 14. e5 b6
15. Bd3 Bb7 16. Be4 Rfd8 17. b3 Rxd1+ 18. Rxd1 Rd8 19. Nb5 Rxd1+ 20. Kxd1 Qd7+
21. Kc1 f5 22. Bb1 Nge7 23. Nd6 Nc8 24. Qh6 Nxd6 25. Qf8# 1-0

[Event "Reykjavik Open 2015"]
[Site "Reykjavik ISL"]
[Date "2015.03.12"]
[Round "4.117"]
[White "Hojgaard, Brandur"]
[Black "Kristbergsson, Bjorgvin"]
[Result "1-0"]
[WhiteElo "1787"]
[BlackElo "1159"]
[WhiteFideId "7201478"]
[BlackFideId "2305232"]
[EventDate "2015.03.10"]

1. d4 Nf6 2. Nf3 h6 3. c4 d6 4. Nc3 a6 5. e4 g5 6. h3 c6 7. Bd3 Be6 8. Bd2 Bg7
9. Qe2 Nh5 10. Bc2 Nf4 11. Bxf4 gxf4 12. Qd3 Qb6 13. O-O-O Qb4 14. Nd2 Bd7 15.
Ne2 Qa5 16. Kb1 Qg5 17. Nf3 Qf6 18. e5 Qf5 19. Qb3 Qe6 20. d5 cxd5 21. cxd5 Ba4
22. dxe6 Bxb3 23. Bxb3 fxe6 24. exd6 e5 25. dxe7 Nc6 26. g3 Nxe7 27. gxf4 Nc6
28. fxe5 Rf8 29. Ned4 O-O-O 30. Nxc6 bxc6 31. Rxd8+ Kxd8 32. Nd4 Ke7 33. Ne6 Rf7
34. f4 a5 35. Rg1 Bf8 36. Rg8 c5 37. Rxf8 Rxf8 1-0

[Event "Reykjavik Open 2015"]
[Site "Reykjavik ISL"]
[Date "2015.03.12"]
[Round "4.119"]
[White "Kristjansson, Halldor Atli"]
[Black "Steinthorsson, Felix"]
[Result "0-1"]
[WhiteElo "1335"]
[BlackElo "1634"]
[WhiteFideId "2310988"]
[BlackFideId "2310040"]
[EventDate "2015.03.10"]

1. d4 d5 2. c4 c6 3. Nf3 Nf6 4. Bg5 Bf5 5. Bxf6 gxf6 6. e3 Nd7 7. Nc3 e6 8. cxd5
cxd5 9. Bd3 Bxd3 10. Qxd3 a6 11. O-O-O Rc8 12. Kb1 b5 13. Rc1 Nb6 14. Nd2 Nc4
15. Nxc4 bxc4 16. Qc2 Qa5 17. Qa4+ Qxa4 18. Nxa4 Rb8 19. Ka1 Rb4 20. Nc3 Rg8 21.
g3 f5 22. Ne2 Bd6 23. Rc2 Ke7 24. f4 Rgb8 25. Rg1 h5 26. h4 a5 27. Nc3 Rg8 28.
Rcg2 Rbb8 29. Rc2 Kd7 30. Rcg2 Rg4 31. Kb1 Rbg8 32. Kc1 Be7 33. Kd2 Bxh4 34. Ne2
Be7 35. Ke1 h4 36. Kf2 Kc6 37. a4 Rb8 38. Rb1 hxg3+ 39. Rxg3 Bh4 40. Kf3 Bxg3
41. Nxg3 Rb4 42. Nh5 Rxa4 43. Nf6 Rg6 44. Nh7 Rb4 0-1

[Event "Reykjavik Open 2015"]
[Site "Reykjavik ISL"]
[Date "2015.03.12"]
[Round "4.124"]
[White "Kruglyak, Mikhail"]
[Black "Mai, Aron Thor"]
[Result "0-1"]
[WhiteElo "1775"]
[BlackElo "1320"]
[WhiteFideId "2082896"]
[BlackFideId "2313383"]
[EventDate "2015.03.10"]

1. d4 Nf6 2. Nf3 g6 3. e3 Bg7 4. Be2 O-O 5. O-O d6 6. c4 Nbd7 7. Nc3 Re8 8. Re1
e5 9. dxe5 Nxe5 10. b3 Nc6 11. Bb2 a5 12. Rc1 Nb4 13. a3 Na6 14. Bf1 Bd7 15. Qc2
Nc5 16. g3 Qc8 17. Nd5 Bf5 18. Qc3 Nce4 19. Qc2 Nxg3 20. Bxf6 Bxc2 21. Ne7+ Rxe7
22. Bxe7 Be4 23. Ng5 Nf5 24. Bh3 Qe8 0-1

[Event "Reykjavik Open 2015"]
[Site "Reykjavik ISL"]
[Date "2015.03.12"]
[Round "4.125"]
[White "Steingrimsson, Karl Egill"]
[Black "Lemery, Jon Thor"]
[Result "1-0"]
[WhiteElo "1720"]
[BlackElo "1273"]
[WhiteFideId "2304791"]
[BlackFideId "2313499"]
[EventDate "2015.03.10"]

1. Nf3 d5 2. d4 Nc6 3. Bf4 e6 4. e3 Bd6 5. Bxd6 Qxd6 6. c3 Bd7 7. Nbd2 f5 8. g3
Nf6 9. Bg2 h6 10. Qc2 Ne4 11. a3 g5 12. c4 b6 13. Nxe4 dxe4 14. Nd2 h5 15. Qc3
O-O-O 16. b4 h4 17. g4 h3 18. Bf1 Nb8 19. c5 bxc5 20. bxc5 Qc6 21. Nc4 Rhf8 22.
Ne5 Qb7 23. Ng6 Rf7 24. gxf5 exf5 25. Bc4 Rg7 26. Ne5 f4 27. Ke2 Bb5 28. Rab1
Bxc4+ 29. Nxc4 Qa6 30. Rhd1 f3+ 31. Ke1 g4 32. d5 g3 33. Qxg7 gxf2+ 34. Kxf2
Qxc4 35. Qg4+ Nd7 36. Rb2 Qxc5 37. Rdb1 c6 38. Rb8+ Kc7 39. R1b7+ Kd6 40. Qe6# 1-0